Capitals of Latin America Quiz Stats

 Plays Quiz not verified by Sporcle

Score 0/18 Timer 10:00
0 Plays Today
Capital Country % Correct
Mexico CityMexico
96.7%
Panama CityPanama
96%
LimaPeru
95.9%
BrasiliaBrazil
95.2%
Buenos AiresArgentina
94.6%
SantiagoChile
92.8%
HavanaCuba
92.3%
CaracasVenezuela
90.9%
La PazBolivia
88.6%
Capital Country % Correct
QuitoEcuador
88.2%
AsuncionParaguay
86.8%
Port-au-PrinceHaiti
85.1%
Santo DomingoDominican Republic
84.8%
KingstonJamaica
82.4%
TegucigalpaHonduras
82.1%
ManaguaNicaragua
81.2%
BogotaColumbia
76.5%
Port of SpainTrinidad and Tobago
39.2%

You're not logged in!

Compare scores with friends on all Sporcle quizzes.
OR
Log In

Sporcle TV

Today on Sporcle TV


Watch our educational content, quiz creation guides, and fun videos on Sporcle TV.

Show Comments

Extras

Created Oct 27, 2010ReportNominate
Tags:Latin America

Top Quizzes Today


Score Distribution

Your Account Isn't Verified!

In order to create a playlist on Sporcle, you need to verify the email address you used during registration. Go to your Sporcle Settings to finish the process.

Report this User

Report this user for behavior that violates our Community Guidelines.

Details: